000 00448nam a2200169Ia 4500
008 230917s9999||||xx |||||||||||||| ||und||
020 _cRS 2595.00
040 _e5007260
_aMAIN
041 _aEnglish
082 _a581.954 R812I
100 _aRoy, R K
245 0 _aIndian botanic gardens
260 _aNew Delhi
_bDaya Publishing House
_c2020
300 _aix, 252 p.
500 _a4586 19/10/2022 HBD22/9434 19/10/2022 Main Budget
942 _cBK
999 _c5949
_d5949